000 01739cam a22003854i 4500
003 PE-LiUPU
005 20250731184050.0
008 150616s r 000 0 d
035 _a(Sirsi) a1623
040 _aPE-LiUPU
_bspa
_cPE-LiUPU
_erda
049 _aPRUA
082 0 4 _a803.3
_bC / P63
_221
100 1 _aPitzer, Robert C.,
_eautor.
245 1 3 _aLa hija de Jerusalén /
_cRobert C. Pitzer.
264 1 _aBarcelona :
_bEditorial Mareu,
_c1963.
300 _a415 páginas ;
_c19 cm
336 _atext
_2rdacontent
337 _aunmediated
_2rdamedia
338 _avolume
_2rdacarrier
490 0 _aColección Pluma ;
_v34
505 0 _aPor los caminos de Megido -- Asamblea de hombres de armas -- El hijo de Uría -- Por las aguas de Megido -- El «lugar alto» -- La caña quebrada -- El recluta de Ismael -- La corte de Sedecías -- La fiesta tiria -- La burbuja revienta -- El día de la ira -- La noche oscura -- La caverna del profeta -- Peregrinos hacia el Jordán -- Huyendo de los árbes -- Las joyas -- La mujer de Damasco -- Bajo los muros de Jericó -- Soberanos de Cinere.
526 _aP145
526 _aP127
526 _aP97
526 _aP14
526 _aP07
650 0 4 _aLiteratura estadounidense
_xSigloXX.
910 _ajck
_bjvq
_cjck
942 _2ddc
_cBOOK
949 _a803.3 C / P63
_wDEWEY
_c1
_i19924
_lCCODEBUL1
_mBUL
_p00.00
_r0
_sY
_tBOOK
_u19811216
_xEDUCACION
_PP20
_0COMPRA
_o.STAFF. Colección General
994 _aC0
_bPEPRU
596 _a1
999 _a803.3 C / P63
_wDEWEY
_c11271
_i19924
_f2021-11-5
_g5
_lCCODEBUL1
_mBUL
_r0
_sY
_tBOOK
_u2015-6-16
_xBIBLIOTECA
_PP20
_0COMPRA
_o.STAFF. Colección General
_d11271
980 _81
_gALBERTO SANCHEZ Responsable de Automatización